ბათუმის შოთა რუსთაველის სახელმწიფო უნივერსიტეტის ბიბლიოთეკა

თამაში (ბიბ.ჩანაწერი № 42396)

000 -LEADER
fixed length control field 00759nam a2200229Ia 4500
001 - CONTROL NUMBER
control field 9092
003 - CONTROL NUMBER IDENTIFIER
control field GE_BSU
008 - FIXED-LENGTH DATA ELEMENTS--GENERAL INFORMATION
fixed length control field 181216s||||||||xx |||||||||||||| ||und||
040 ## - CATALOGING SOURCE
Transcribing agency GE_BSU
080 ## - UNIVERSAL DECIMAL CLASSIFICATION NUMBER
Universal Decimal Classification number 82-93
100 ## - MAIN ENTRY--PERSONAL NAME
Personal name ლაბაძე,გოგი
245 ## - TITLE STATEMENT
Title თამაში
245 ## - TITLE STATEMENT
Remainder of title მოთხრობები. საშ.სასკოლო ასაკის ბავშვებისათვის
245 ## - TITLE STATEMENT
Statement of responsibility, etc. რედ:მ.ახვლედიანი;მხატვ:ტ.შეყილაძე
260 ## - PUBLICATION, DISTRIBUTION, ETC.
Place of publication, distribution, etc. თბილისი.
260 ## - PUBLICATION, DISTRIBUTION, ETC.
Name of publisher, distributor, etc. ნაკადული.
260 ## - PUBLICATION, DISTRIBUTION, ETC.
Date of publication, distribution, etc. 1969
300 ## - PHYSICAL DESCRIPTION
Extent 187გვ;16სმ.
653 ## - INDEX TERM--UNCONTROLLED
Uncontrolled term თამაში
653 ## - INDEX TERM--UNCONTROLLED
Uncontrolled term მოთხრობები
942 ## - ADDED ENTRY ELEMENTS (KOHA)
Koha item type წიგნი
ეგზემპლარები
Withdrawn status Lost status Damaged status Not for loan Date acquired Barcode Date last seen Price effective from Koha item type
        2018-12-17 31782 2018-12-17 2018-12-17 წიგნი